[Event "Campeonato del Mundo Femenino 2010"]
[Site "Antakya TUR"]
[Date "2010.12.12"]
[Round "33.3"]
[White "Cmilyte, Viktorija"]
[Black "Skripchenko, Almira"]
[Result "0-1"]
[WhiteElo "2514"]
[BlackElo "2460"]
[PlyCount "100"]
[EventDate "2010.12.02"]
[EventType "match"]
[EventRounds "6"]
[EventCountry "TUR"]
[Source "lmi"]
[SourceDate "2010.12.02"]

1. d4 d6 2. e4 Nf6 3. f3 d5 4. e5 Nfd7 5. f4 c5 6. Nf3 Nc6 7. Be3 e6 8. Nc3 a6
9. Qd2 b5 10. a3 Be7 11. Be2 Bb7 12. O-O O-O 13. Nd1 cxd4 14. Nxd4 Nc5 15. Nf2
Rc8 16. Rad1 Qc7 17. Bf3 Na4 18. c3 Nb6 19. Qd3 Nc4 20. Bc1 Qb6 21. Be2 a5 22.
Qh3 Nxd4 23. cxd4 b4 24. Bd3 g6 25. Qh6 f5 26. exf6 Bxf6 27. Bxg6 hxg6 28.
Qxg6+ Bg7 29. Rd3 Rf6 30. Qg5 Rf5 31. Qg4 bxa3 32. bxa3 Nd6 33. Rg3 Qxd4 34.
Rd1 Qf6 35. Be3 Rc4 36. Rb1 d4 37. Bd2 Rc2 38. Qd1 Rfc5 39. Ng4 Qe7 40. Bxa5
Nf5 41. Bb4 Nxg3 42. hxg3 Rxg2+ 43. Kf1 Rgc2 44. Qxc2 Rxc2 45. Bxe7 Ba6+ 46.
Kg1 d3 47. Rd1 Bd4+ 48. Kf1 d2+ 49. Kg2 Be2 50. Nh6+ Kg7 0-1

[Event "Campeonato del Mundo Femenino 2010"]
[Site "Antakya TUR"]
[Date "2010.12.12"]
[Round "31.4"]
[White "Harika, Dronavalli"]
[Black "Muzychuk, Mariya"]
[Result "1-0"]
[WhiteElo "2525"]
[BlackElo "2462"]
[PlyCount "63"]
[EventDate "2010.12.02"]
[EventType "match"]
[EventRounds "6"]
[EventCountry "TUR"]
[Source "lmi"]
[SourceDate "2010.12.02"]

1. d4 c5 2. d5 g6 3. c4 Bg7 4. Nf3 d6 5. e4 e5 6. Nc3 Ne7 7. h3 O-O 8. Be2 Na6
9. O-O f5 10. exf5 gxf5 11. Ng5 Ng6 12. Bh5 Qf6 13. Nb5 Bd7 14. a4 Bxb5 15.
axb5 Nc7 16. Ra3 Nf4 17. Bxf4 exf4 18. Ne6 Nxe6 19. dxe6 Qxe6 20. Bf3 Qe7 21.
Qd5+ Kh8 22. Qxb7 Qxb7 23. Bxb7 Rab8 24. Bd5 Bxb2 25. Rxa7 Rfe8 26. Rb1 Bf6 27.
Rf7 Rf8 28. Rd7 Rb6 29. Re1 Be5 30. Re2 Re8 31. Ra2 Bd4 32. Raa7 1-0

[Event "Campeonato del Mundo Femenino 2010"]
[Site "Antakya TUR"]
[Date "2010.12.12"]
[Round "32.4"]
[White "Muzychuk, Mariya"]
[Black "Harika, Dronavalli"]
[Result "1-0"]
[WhiteElo "2462"]
[BlackElo "2525"]
[PlyCount "111"]
[EventDate "2010.12.02"]
[EventType "match"]
[EventRounds "6"]
[EventCountry "TUR"]
[Source "lmi"]
[SourceDate "2010.12.02"]

1. e4 e5 2. Nf3 Nc6 3. d4 exd4 4. Nxd4 Bc5 5. Be3 Qf6 6. c3 Nge7 7. g3 d5 8.
Bg2 Nxd4 9. cxd4 Bb4+ 10. Nc3 Bxc3+ 11. bxc3 dxe4 12. Bxe4 c6 13. O-O O-O 14.
c4 Bf5 15. Bg2 Rad8 16. Qb3 Rd7 17. d5 cxd5 18. cxd5 Rfd8 19. Rad1 Qg6 20. Rd4
Bc2 21. Qc4 b5 22. Qxb5 Nf5 23. Rb4 h6 24. Qc5 Nd6 25. Qc6 Re7 26. Bc5 Bd3 27.
Bxd6 Qxd6 28. Qxd6 Rxd6 29. Rc1 f5 30. h4 Be4 31. Rc5 Kf7 32. Bxe4 fxe4 33. Kf1
e3 34. Rf4+ Kg6 35. Rc6 Rxc6 36. dxc6 exf2 37. Kxf2 Rc7 38. Rc4 Kf5 39. Kf3 Ke5
40. Rc2 g6 41. Kg4 Ke6 42. Kf4 a6 43. a3 Kf6 44. Kg4 Ke6 45. Kf4 Kf6 46. g4 g5+
47. hxg5+ hxg5+ 48. Ke4 Ke6 49. Rc3 a5 50. a4 Kf6 51. Kd5 Ke7 52. Ke5 Kd8 53.
Kf6 Re7 54. c7+ Rxc7 55. Rxc7 Kxc7 56. Kxg5 1-0

[Event "Campeonato del Mundo Femenino 2010"]
[Site "Antakya TUR"]
[Date "2010.12.12"]
[Round "33.4"]
[White "Harika, Dronavalli"]
[Black "Muzychuk, Mariya"]
[Result "0-1"]
[WhiteElo "2525"]
[BlackElo "2462"]
[PlyCount "135"]
[EventDate "2010.12.02"]
[EventType "match"]
[EventRounds "6"]
[EventCountry "TUR"]
[Source "lmi"]
[SourceDate "2010.12.02"]

1. d4 f5 2. Nf3 Nf6 3. g3 g6 4. Bg2 Bg7 5. O-O O-O 6. b3 d6 7. Bb2 e6 8. c4 Qe7
9. Nc3 Nc6 10. Qc2 Bd7 11. e4 fxe4 12. Nxe4 Nxe4 13. Qxe4 e5 14. dxe5 dxe5 15.
Rae1 Rae8 16. h3 Bf5 17. Qd5+ Kh8 18. Re3 a6 19. Qd1 e4 20. Nd4 Qc5 21. Nxf5
Bxb2 22. Nh6 Qg5 23. Ng4 h5 24. Nh2 Bd4 25. h4 Qc5 26. Rxe4 Bxf2+ 27. Kh1 Bxg3
28. Rxe8 Rxe8 29. Qd2 Kg7 30. Nf3 Qe3 31. Qd7+ Qe7 32. Qh3 Bf4 33. Rd1 Qe6 34.
Ng5 Qxh3+ 35. Nxh3 Bd6 36. Ng5 Re2 37. Rf1 Nd8 38. Rd1 b6 39. b4 Rc2 40. Bd5
Rh2+ 41. Kg1 Rxh4 42. Kf2 Bxb4 43. Nf3 Rf4 44. Ke3 Rf8 45. Kd3 Re8 46. Ng5 Re1
47. Rxe1 Bxe1 48. Nf3 Bf2 49. a4 Kf6 50. Nd2 Ke5 51. Bf3 Ne6 52. Ke2 Bc5 53.
Bb7 Nf4+ 54. Kf3 a5 55. Ne4 Nd3 56. Nc3 Nb2 57. Bc6 Nxc4 58. Be8 Kf5 59. Bd7+
Kf6 60. Be8 Ne5+ 61. Ke4 c6 62. Ne2 Bd6 63. Nd4 Ke7 64. Bxc6 Nxc6 65. Nxc6+ Kf6
66. Nd4 Bc5 67. Nb3 g5 68. Nd2 0-1

[Event "Campeonato del Mundo Femenino 2010"]
[Site "Antakya TUR"]
[Date "2010.12.12"]
[Round "33.4"]
[White "Muzychuk, Mariya"]
[Black "Harika, Dronavalli"]
[Result "0-1"]
[WhiteElo "2462"]
[BlackElo "2525"]
[PlyCount "92"]
[EventDate "2010.12.02"]
[EventType "match"]
[EventRounds "6"]
[EventCountry "TUR"]
[Source "lmi"]
[SourceDate "2010.12.02"]

1. e4 e5 2. Nf3 Nc6 3. d4 exd4 4. Nxd4 Nf6 5. Nxc6 bxc6 6. e5 Qe7 7. Qe2 Nd5 8.
c4 Nb6 9. Nc3 Qe6 10. Qe4 Bb7 11. Bd3 Bb4 12. Bd2 O-O-O 13. O-O-O c5 14. Qf4 g5
15. Qxg5 Nxc4 16. Bxc4 Qxc4 17. Qf4 Qe6 18. f3 Bxc3 19. Bxc3 Qxa2 20. Kc2 Rhg8
21. Rhg1 Bd5 22. Ra1 Qb3+ 23. Kd2 d6 24. e6 fxe6 25. Rxa7 Qb6 26. Ra3 Rdf8 27.
Qe3 Kd7 28. Ra4 Qb3 29. Rh4 Rf7 30. Qd3 c4 31. Qe3 Qb6 32. Bd4 Qb7 33. Rf4 Rxf4
34. Qxf4 e5 35. Qf5+ Kc6 36. Bc3 Qb6 37. Re1 Rxg2+ 38. Re2 Qg1 39. Qh3 Rxe2+
40. Kxe2 Qb1 41. Qh5 Qc2+ 42. Ke3 Kb7 43. Qh3 Qd3+ 44. Kf2 e4 45. Qd7 Qxf3+ 46.
Kg1 Bc6 0-1

[Event "Campeonato del Mundo Femenino 2010"]
[Site "Antakya TUR"]
[Date "2010.12.12"]
[Round "34.4"]
[White "Muzychuk, Mariya"]
[Black "Harika, Dronavalli"]
[Result "0-1"]
[WhiteElo "2462"]
[BlackElo "2525"]
[PlyCount "103"]
[EventDate "2010.12.02"]
[EventType "match"]
[EventRounds "6"]
[EventCountry "TUR"]
[Source "lmi"]
[SourceDate "2010.12.02"]

1. e4 e5 2. Nf3 Nc6 3. Bc4 Bc5 4. b4 Bb6 5. a4 a6 6. c3 d6 7. d3 h6 8. O-O Nf6
9. Re1 O-O 10. h3 Be6 11. Nbd2 Re8 12. Qb3 d5 13. exd5 Bxd5 14. Ne4 Bxc4 15.
Qxc4 Nxe4 16. dxe4 Qf6 17. a5 Ba7 18. Be3 Bxe3 19. Rxe3 Qe6 20. Qe2 Rad8 21. b5
Nb8 22. c4 Nd7 23. Rd1 Nc5 24. Rd5 Rxd5 25. exd5 Qg6 26. Rxe5 Rxe5 27. Qxe5
axb5 28. cxb5 Qb1+ 29. Kh2 Qxb5 30. Qxc7 Nd7 31. d6 g6 32. Qd8+ Kg7 33. Qe7 Qf5
34. Kg1 Qb1+ 35. Kh2 Qf5 36. Kg3 g5 37. Kh2 Qf4+ 38. Kg1 Qc1+ 39. Ne1 Nf6 40.
Kf1 Qc4+ 41. Kg1 Qc1 42. Kh2 Qf4+ 43. Kg1 Qc1 44. g3 Qd1 45. Kg2 Qd5+ 46. Nf3
h5 47. Qe5 Qxe5 48. Nxe5 Kf8 49. Kf3 Ke8 50. Ke3 g4 51. hxg4 hxg4 52. Kd4 0-1

[Event "Campeonato del Mundo Femenino 2010"]
[Site "Antakya TUR"]
[Date "2010.12.13"]
[Round "41.2"]
[White "Koneru, Humpy"]
[Black "Ju, Wenjun"]
[Result "1-0"]
[WhiteElo "2600"]
[BlackElo "2524"]
[PlyCount "119"]
[EventDate "2010.12.02"]
[EventType "match"]
[EventRounds "6"]
[EventCountry "TUR"]
[Source "lmi"]
[SourceDate "2010.12.02"]

1. d4 Nf6 2. c4 g6 3. Nc3 Bg7 4. e4 d6 5. f4 O-O 6. Nf3 Na6 7. Bd3 e5 8. fxe5
dxe5 9. d5 Nc5 10. Bc2 a5 11. O-O Qe7 12. Qe2 Bd7 13. Kh1 b6 14. Rb1 Nh5 15.
Be3 Bg4 16. Qf2 Nb7 17. Nb5 f5 18. exf5 gxf5 19. Bg5 Bf6 20. Bxf6 Rxf6 21. Rbe1
e4 22. Nfd4 Nc5 23. Nc6 Qg7 24. Ne5 Rh6 25. Nxg4 Qxg4 26. Kg1 Rf8 27. Nxc7 Rg6
28. Ne6 Nxe6 29. dxe6 Nf4 30. Kh1 Nxe6 31. Re3 Nc5 32. h3 Qg5 33. Bxe4 Nxe4 34.
Rxe4 f4 35. Qf3 h6 36. Rf2 Rgf6 37. Rd2 Rg6 38. Rdd4 Rgf6 39. Re7 R6f7 40. Re6
Rf6 41. Rdd6 Rxe6 42. Rxe6 Rf6 43. Qa8+ Kg7 44. Re7+ Rf7 45. Rxf7+ Kxf7 46.
Qb7+ Qe7 47. Qxb6 Qe1+ 48. Qg1 Qd2 49. Qf1 Ke6 50. Kh2 Ke5 51. Qf3 Qxb2 52.
Qh5+ Kd4 53. Qd5+ Ke3 54. c5 Qc1 55. c6 a4 56. a3 Kf2 57. Qd4+ Ke2 58. Qxa4 Qe3
59. Qc2+ Kf1 60. Qd1+ 1-0

[Event "Campeonato del Mundo Femenino 2010"]
[Site "Antakya TUR"]
[Date "2010.12.13"]
[Round "41.4"]
[White "Zhao, Xue"]
[Black "Skripchenko, Almira"]
[Result "1/2-1/2"]
[WhiteElo "2474"]
[BlackElo "2460"]
[PlyCount "90"]
[EventDate "2010.12.02"]
[EventType "match"]
[EventRounds "6"]
[EventCountry "TUR"]
[Source "lmi"]
[SourceDate "2010.12.02"]

1. d4 d5 2. c4 c6 3. Nf3 Nf6 4. e3 g6 5. h3 Bg7 6. Bd3 O-O 7. O-O c5 8. Nc3
cxd4 9. exd4 dxc4 10. Bxc4 Nc6 11. Re1 Na5 12. Bf1 Nd5 13. Bg5 Nc6 14. Qd2 Be6
15. Rad1 Rc8 16. Bh6 Nxc3 17. bxc3 Bd5 18. Ne5 Nxe5 19. dxe5 Be6 20. Qg5 Qc7
21. Rd4 Qxc3 22. Rde4 f6 23. exf6 exf6 24. Qf4 Bf7 25. Bxg7 Kxg7 26. Re7 Rfe8
27. R1e3 Rxe7 28. Rxe7 Qc6 29. a4 a6 30. a5 Kg8 31. Kh2 g5 32. Qg3 Kf8 33. Qa3
Kg8 34. Be2 Qc5 35. Qxc5 Rxc5 36. Rxb7 Rxa5 37. Rb6 Ra2 38. Bxa6 Rxf2 39. Bb7
Kg7 40. Bf3 Rd2 41. Rb7 Kf8 42. Rb8+ Ke7 43. Rb7+ Rd7 44. Rxd7+ Kxd7 45. h4
gxh4 1/2-1/2

[Event "Campeonato del Mundo Femenino 2010"]
[Site "Antakya TUR"]
[Date "2010.12.14"]
[Round "42.2"]
[White "Ju, Wenjun"]
[Black "Koneru, Humpy"]
[Result "1/2-1/2"]
[WhiteElo "2524"]
[BlackElo "2600"]
[PlyCount "120"]
[EventDate "2010.12.02"]
[EventType "match"]
[EventRounds "6"]
[EventCountry "TUR"]
[Source "lmi"]
[SourceDate "2010.12.02"]

1. d4 d5 2. Bg5 h6 3. Bh4 c6 4. Nf3 Qb6 5. b3 Bf5 6. e3 Nd7 7. Bd3 Bxd3 8. Qxd3
e6 9. O-O Be7 10. Bxe7 Nxe7 11. c4 c5 12. Nc3 cxd4 13. exd4 dxc4 14. bxc4 O-O
15. Rab1 Qd8 16. Rfd1 b6 17. Ne4 Rc8 18. Nd6 Rc6 19. Ne4 Rc8 20. d5 exd5 21.
cxd5 Nc5 22. Nxc5 Rxc5 23. d6 Nd5 24. Qxd5 Rxd5 25. Rxd5 Qd7 26. Ne5 Qe6 27.
Rbd1 Rd8 28. Nc6 Rd7 29. Nxa7 Rxa7 30. d7 Rxd7 31. Rxd7 Qxa2 32. Rb7 Qb3 33.
Re1 b5 34. h3 b4 35. f3 Qc2 36. Re8+ Kh7 37. Re4 b3 38. Reb4 Qc5+ 39. Kh1 Qe3
40. Kh2 Qe5+ 41. f4 Qd6 42. Re4 Qd5 43. Reb4 Qd2 44. R7b6 b2 45. Rb7 b1=Q 46.
Rxb1 Qxf4+ 47. Kh1 Qe4 48. R7b2 g6 49. Rf1 Kg7 50. Rbf2 Qc4 51. Kh2 Qc7+ 52. g3
Qc4 53. h4 h5 54. Rf4 Qe6 55. R1f2 Qd7 56. Kg2 Qd5+ 57. Kf1 Qd1+ 58. Kg2 Qd5+
59. Kf1 Qd1+ 60. Kg2 Qd5+ 1/2-1/2

[Event "Campeonato del Mundo Femenino 2010"]
[Site "Antakya TUR"]
[Date "2010.12.14"]
[Round "42.4"]
[White "Skripchenko, Almira"]
[Black "Zhao, Xue"]
[Result "0-1"]
[WhiteElo "2460"]
[BlackElo "2474"]
[PlyCount "99"]
[EventDate "2010.12.02"]
[EventType "match"]
[EventRounds "6"]
[EventCountry "TUR"]
[Source "lmi"]
[SourceDate "2010.12.02"]

1. e4 e5 2. Nf3 Nc6 3. Bc4 Bc5 4. b4 Bb6 5. a4 a6 6. Nc3 Nf6 7. Nd5 Nxd5 8.
exd5 Nd4 9. a5 Ba7 10. d6 O-O 11. O-O Nf5 12. d4 cxd6 13. Bg5 Qe8 14. Re1 Nxd4
15. Nxd4 Bxd4 16. Ra3 d5 17. Bxd5 d6 18. Qf3 Kh8 19. Bf6 Qd7 20. c3 e4 21.
Bxg7+ Bxg7 22. Rxe4 Qf5 23. Qd3 Be6 24. Bxb7 Ra7 25. Bc6 Rc8 26. b5 axb5 27.
Bxb5 d5 28. Rea4 Qxd3 29. Bxd3 Bxc3 30. a6 d4 31. Bf1 Kg7 32. h3 Kf6 33. g4 Ke7
34. Bb5 Kd6 35. Be2 Rb8 36. Bf3 Rb1+ 37. Kg2 Bb3 38. Be4 Rb2 39. Bxh7 Bxa4 40.
Rxa4 Rd2 41. Be4 Kc5 42. Bf5 Rd1 43. Kf3 Kb5 44. Bd7+ Rxd7 45. a7 Rd8 46. a8=Q
Rxa8 47. Rxa8 d3 48. Rf8 d2 49. Rxf7 Re1 50. Rd7 0-1

[Event "Campeonato del Mundo Femenino 2010"]
[Site "Antakya TUR"]
[Date "2010.12.16"]
[Round "51.1"]
[White "Ruan, Lufei"]
[Black "Zhao, Xue"]
[Result "1/2-1/2"]
[WhiteElo "2480"]
[BlackElo "2474"]
[PlyCount "50"]
[EventDate "2010.12.02"]
[EventType "match"]
[EventRounds "6"]
[EventCountry "TUR"]
[Source "lmi"]
[SourceDate "2010.12.02"]

1. e4 e5 2. Nf3 Nc6 3. d4 exd4 4. Nxd4 Bc5 5. Nxc6 Qf6 6. Qf3 dxc6 7. Bc4 Ne7
8. Qxf6 gxf6 9. Bf4 Bb6 10. a4 a5 11. Nd2 Ng6 12. Bg3 h5 13. h4 Ne5 14. Be2 Be6
15. O-O-O O-O-O 16. Nf3 Ng4 17. Rxd8+ Rxd8 18. Rf1 Rg8 19. Ne1 Kd8 20. b3 Ke7
21. Nd3 Ne3 22. Rh1 f5 23. exf5 Nxf5 24. Bf4 Rxg2 25. Bxh5 Bxf2 1/2-1/2

[Event "Campeonato del Mundo Femenino 2010"]
[Site "Antakya TUR"]
[Date "2010.12.18"]
[Round "51.1"]
[White "Ruan, Lufei"]
[Black "Zhao, Xue"]
[Result "1/2-1/2"]
[WhiteElo "2480"]
[BlackElo "2474"]
[PlyCount "73"]
[EventDate "2010.12.02"]
[EventType "match"]
[EventRounds "6"]
[EventCountry "TUR"]
[Source "lmi"]
[SourceDate "2010.12.02"]

1. e4 Nf6 2. e5 Nd5 3. d4 d6 4. c4 Nb6 5. f4 Bf5 6. Nc3 e6 7. Be3 Be7 8. Nf3
O-O 9. Be2 dxe5 10. fxe5 f6 11. O-O Nc6 12. exf6 Bxf6 13. Qd2 Qe8 14. Bg5 Bxg5
15. Qxg5 Rd8 16. Rad1 h6 17. Qe3 Qe7 18. b3 Nd7 19. h3 Rfe8 20. Bd3 Bxd3 21.
Rxd3 Nf6 22. Rdd1 a6 23. Rfe1 Qd6 24. Ne4 Nxe4 25. Qxe4 Qf8 26. Rf1 Qd6 27. Kh1
Rf8 28. Rfe1 Rf6 29. Ne5 Nxd4 30. Ng4 Rf5 31. Rxd4 Qxd4 32. Qxe6+ Rf7 33. Ne5
Qf2 34. Nxf7 Qxf7 35. Qe7 Rd7 36. Qe4 c6 37. Qe2 1/2-1/2

[Event "Campeonato del Mundo Femenino 2010"]
[Site "Antakya TUR"]
[Date "2010.12.18"]
[Round "52.1"]
[White "Zhao, Xue"]
[Black "Ruan, Lufei"]
[Result "0-1"]
[WhiteElo "2474"]
[BlackElo "2480"]
[PlyCount "140"]
[EventDate "2010.12.02"]
[EventType "match"]
[EventRounds "6"]
[EventCountry "TUR"]
[Source "lmi"]
[SourceDate "2010.12.02"]

1. d4 d5 2. c4 c6 3. Nc3 Nf6 4. Nf3 dxc4 5. a4 Bf5 6. Nh4 e6 7. Nxf5 exf5 8. e3
Bb4 9. Bxc4 O-O 10. O-O Nbd7 11. Qc2 g6 12. f3 Nb6 13. Bb3 Rc8 14. a5 Nbd7 15.
e4 c5 16. dxc5 fxe4 17. fxe4 Bxc5+ 18. Kh1 Ng4 19. Bf4 Qh4 20. Bg3 Qh5 21. Qe2
Ngf6 22. Rf3 Bd4 23. Raf1 Nc5 24. Nd5 Nfxe4 25. Ne7+ Kh8 26. Be1 Rce8 27. Qc4
Nxb3 28. Rxb3 Qc5 29. Qxc5 Nxc5 30. Rb4 Bg7 31. Bf2 Nd3 32. Rxb7 Bf6 33. Bxa7
Rxe7 34. a6 Rxb7 35. axb7 Be5 36. Rd1 Nb4 37. Rc1 Na6 38. Rc8 Kg7 39. b4 f6 40.
g3 Kf7 41. Kg2 Re8 42. b5 Nb8 43. Kf3 Ke7 44. h3 Kd7 45. Rc2 Bd6 46. g4 h6 47.
Rc1 Be5 48. Rc2 h5 49. gxh5 gxh5 50. Rc1 Bc7 51. Rc2 Bd6 52. Rc1 Ke7 53. Rc2
Nd7 54. Rc8 Bb8 55. Be3 Ne5+ 56. Ke2 Kd7 57. Rc2 Rg8 58. Kf2 Nf7 59. Rd2+ Nd6
60. Bf4 Ke7 61. Re2+ Kf7 62. Rc2 Nxb7 63. Be3 Nd6 64. b6 Rc8 65. Ra2 Nc4 66.
Rc2 Nxb6 67. Rb2 Nc4 68. Rb7+ Kg6 69. Bd4 Be5 70. Ba7 Rc7 0-1